Winnipeg Jets Leaders - Statistics

General Stats
  • This quiz has been taken 70 times
    14 since last reset
  • The average score is 44 of 101
Answer Stats
Stat Number Answer % Correct
Most Games Played (Goalie) 625 Connor Hellebuyck
100%
Most Wins 345 Connor Hellebuyck
100%
Most Shutouts 45 Connor Hellebuyck
100%
Best Career Save Percentage .916 Connor Hellebuyck
100%
Best Career Goals Against Average 2.58 Connor Hellebuyck
100%
Most Goals 323 Kyle Connor
100%
Most Assists 351 Kyle Connor
100%
Most Points 674 Kyle Connor
100%
Most Games Played 695 Kyle Connor
100%
Most Game Winning Goals 65 Kyle Connor
100%
Most Goals 372 Mark Scheifele
90%
Most Assists 535 Mark Scheifele
90%
Most Points 907 Mark Scheifele
90%
Most Games Played 961 Mark Scheifele
90%
Most Game Winning Goals 65 Mark Scheifele
90%
Most Goals 262 Blake Wheeler
80%
Most Assists 550 Blake Wheeler
80%
Most Points 812 Blake Wheeler
80%
Most Games Played 897 Blake Wheeler
80%
Most Game Winning Goals 41 Blake Wheeler
80%
Most Goals 126 Adam Lowry
70%
Most Games Played 845 Adam Lowry
70%
Most Game Winning Goals 21 Adam Lowry
70%
Most Assists 334 Josh Morrissey
70%
Most Points 428 Josh Morrissey
70%
Most Games Played 739 Josh Morrissey
70%
Most Assists 294 Dustin Byfuglien
60%
Most Points 416 Dustin Byfuglien
60%
Most Games Played 609 Dustin Byfuglien
60%
Most Game Winning Goals 24 Dustin Byfuglien
60%
Most Goals 328 Ilya Kovalchuk
60%
Most Assists 287 Ilya Kovalchuk
60%
Most Points 615 Ilya Kovalchuk
60%
Most Game Winning Goals 40 Ilya Kovalchuk
60%
Most Goals 225 Nikolaj Ehlers
60%
Most Assists 295 Nikolaj Ehlers
60%
Most Points 520 Nikolaj Ehlers
60%
Most Games Played 674 Nikolaj Ehlers
60%
Most Game Winning Goals 39 Nikolaj Ehlers
60%
Most Goals 217 Bryan Little
50%
Most Assists 304 Bryan Little
50%
Most Points 521 Bryan Little
50%
Most Games Played 843 Bryan Little
50%
Most Game Winning Goals 32 Bryan Little
50%
Most Games Played (Goalie) 69 Eric Comrie
50%
Most Wins 19 Eric Comrie
50%
Most Wins 33 Chris Mason
40%
Most Shutouts 3 Chris Mason
40%
Best Career Save Percentage .898 Chris Mason
40%
Best Career Goals Against Average 2.59 Chris Mason
40%
Most Games Played (Goalie) 77 Laurent Brossoit
30%
Most Wins 40 Laurent Brossoit
30%
Most Shutouts 5 Laurent Brossoit
30%
Best Career Save Percentage .917 Laurent Brossoit
30%
Best Career Goals Against Average 2.51 Laurent Brossoit
30%
Most Games Played (Goalie) 379 Ondřej Pavelec
30%
Most Wins 152 Ondřej Pavelec
30%
Most Shutouts 17 Ondřej Pavelec
30%
Best Career Save Percentage .907 Ondřej Pavelec
30%
Best Career Goals Against Average 2.87 Ondřej Pavelec
30%
Most Goals 140 Patrik Laine
30%
Most Assists 254 Toby Enström
30%
Most Points 308 Toby Enström
30%
Most Games Played 719 Toby Enström
30%
Most Goals 139 Andrew Ladd
20%
Most Game Winning Goals 22 Andrew Ladd
20%
Most Games Played (Goalie) 204 Kari Lehtonen
20%
Most Wins 94 Kari Lehtonen
20%
Most Shutouts 14 Kari Lehtonen
20%
Best Career Save Percentage .912 Kari Lehtonen
20%
Best Career Goals Against Average 2.87 Kari Lehtonen
20%
Most Goals 145 Vyacheslav Kozlov
20%
Most Assists 271 Vyacheslav Kozlov
20%
Most Points 416 Vyacheslav Kozlov
20%
Most Game Winning Goals 20 Vyacheslav Kozlov
20%
Most Games Played (Goalie) 81 Damian Rhodes
10%
Most Games Played (Goalie) 137 Johan Hedberg
10%
Most Wins 57 Johan Hedberg
10%
Most Shutouts 4 Johan Hedberg
10%
Best Career Save Percentage .900 Johan Hedberg
10%
Best Career Goals Against Average 3.08 Johan Hedberg
10%
Most Games Played (Goalie) 102 Michael Hutchinson
10%
Most Wins 43 Michael Hutchinson
10%
Most Shutouts 3 Michael Hutchinson
10%
Best Career Save Percentage .910 Michael Hutchinson
10%
Best Career Goals Against Average 2.65 Michael Hutchinson
10%
Most Games Played (Goalie) 117 Milan Hnilička
10%
Most Wins 29 Milan Hnilička
10%
Most Shutouts 5 Milan Hnilička
10%
Best Career Save Percentage .901 Milan Hnilička
10%
Best Career Goals Against Average 3.31 Milan Hnilička
10%
Most Games Played (Goalie) 125 Pasi Nurminen
10%
Most Wins 48 Pasi Nurminen
10%
Most Shutouts 5 Pasi Nurminen
10%
Best Career Save Percentage .904 Pasi Nurminen
10%
Best Career Goals Against Average 2.89 Pasi Nurminen
10%
Most Shutouts 3 Al Montoya
0%
Best Career Save Percentage .910 Al Montoya
0%
Best Career Goals Against Average 2.60 Al Montoya
0%
Most Games Played 709 Chris Thorburn
0%
Most Shutouts 3 Eric Comrie
0%
No matching quizzes found
Score Distribution
Percent of People with Each Score
Percentile by Number Answered
Your Score History
You have not taken this quiz since the last reset